000 00407nam a2200169Ia 4500
008 230524s9999 xx 000 0 und d
020 _a9788120348202
082 _a629.8
_bGHO
100 _aArun K. Ghosh
245 0 _aIntroduction to Control Systems
250 _a2
260 _aNew Delhi
_bPHI
_c2013
300 _a"1,733p;"
500 _aQuantity Number: 10
650 _aElectrical
942 _cBK
999 _c54590
_d54590